| 000 | 00916nam a2200241 n 4500 | ||
|---|---|---|---|
| 003 | OSt | ||
| 005 | 20220105124658.0 | ||
| 008 | 220105s2009 my ao g c a000 0 eng d | ||
| 040 |
_aPPAK _beng _cPPAK _erda |
||
| 082 | 0 | 4 |
_223 _a362.29 |
| 090 | 0 | 0 |
_a362.29 _bGET _dKHR |
| 245 | 0 | 0 |
_aGet to Know Our Child : _bPrevention Begin @ Home / _cPATRON : Y.A. Bhg Tun Dr. Siti Hasmah Bt Hj. Mohd Ali ; MAIN ORGANIZER : PENGASIH dan PETRONAS |
| 264 | 1 |
_aKuala Lumpur : _bThe Secretariat KENALI ANAK KITA (Get to Know Our Child), _c2009 |
|
| 300 |
_a[24 pages] : _bcolour photographs ; _c25 cm. |
||
| 336 |
_2rdacontent _atext |
||
| 337 |
_2rdamedia _aunmediated |
||
| 338 |
_2rdacarrier _avolume |
||
| 650 | 1 | 0 |
_aDrug abuse _vPrevention |
| 650 | 2 | 0 |
_aGovernment publications _zMalaysia |
| 700 | 0 |
_aSiti Hasmah Bt Hj. Mohd Ali, _cY.A. Bhg Tun Dr., _epatron. |
|
| 710 | 2 |
_aPengasih dan Petronas, _eissuing body. |
|
| 942 |
_2ddc _cB |
||
| 999 |
_c186889 _d186889 |
||